| 000 | 00962cad a22001935a 4500 | ||
|---|---|---|---|
| 001 | L153990 | ||
| 008 | 110929s2011 xxk f 000 0 eng d | ||
| 035 | _a(Sirsi) u153990 | ||
| 041 | 0 | _aeng | |
| 110 | 2 |
_aUnited Kingdom _bDepartment for Communities and Local Government _94939 |
|
| 245 | 0 | 4 |
_aThe code of recommended practice for local authorities on data transparency _h[electronic resource] |
| 260 |
_aLondon _bDCLG _c2011 |
||
| 520 | _aEnshrines principle of transparency by asking councils to follow three key principles when publishing data they hold. These are; responding to public demand, releasing data in open formats available for re-use and releasing data in a timely way. | ||
| 590 | _aKA | ||
| 651 | 4 |
_aEngland _y886- |
|
| 690 | _aMANAGEMENT-BUSINESS MANAGEMENT-INFORMATION MANAGEMENT | ||
| 856 | 4 | 0 |
_uhttps://www.communities.gov.uk/documents/localgovernment/pdf/1997468.pdf _zView the item free of charge at www.communities.gov.uk |
| 942 | _n0 | ||
| 999 |
_c112799 _d112799 |
||